| Tag |
First Indicator |
Second Indicator |
Subfields |
| LEADER |
00000cam a2200000Ia 4500 |
| 001 |
in00002114821 |
| 005 |
20190326103528.0 |
| 006 |
m d |
| 007 |
cr cnu---unuuu |
| 008 |
041123s2003 dcu sb 001 0 eng d |
| 020 |
|
|
|a 0815796617 (electronic bk.)
|
| 035 |
|
|
|a (OCoLC)ocm57033165
|
| 040 |
|
|
|a N$T
|c N$T
|d OCLCQ
|d UtOrBLW
|
| 043 |
|
|
|a n-us---
|
| 049 |
|
|
|a IICN
|
| 050 |
1 |
4 |
|a E902
|b .D23 2003eb
|
| 082 |
0 |
4 |
|a 327.73
|2 22
|
| 100 |
1 |
|
|a Daalder, Ivo H.
|
| 245 |
1 |
0 |
|a America unbound :
|b the Bush revolution in foreign policy /
|c Ivo H. Daalder, James M. Lindsay.
|
| 264 |
|
1 |
|a Washington, D.C. :
|b Brookings Institution,
|c [2003]
|
| 264 |
|
4 |
|c ©2003
|
| 300 |
|
|
|a vii, 246 pages ;
|c 24 cm.
|
| 336 |
|
|
|a text
|b txt
|2 rdacontent
|
| 337 |
|
|
|a computer
|b c
|2 rdamedia
|
| 338 |
|
|
|a online resource
|b cr
|2 rdacarrier
|
| 504 |
|
|
|a Includes bibliographical references (pages 201-226) and index.
|
| 505 |
0 |
|
|a The Bush revolution -- George Bush and the Vulcans -- Bush's worldview -- Building a team -- The first eight months -- September 11 -- Onto the offensive -- The Bush strategy -- The inevitable showdown -- The Iraq war -- Who's next? -- The perils of power.
|
| 533 |
|
|
|a Electronic reproduction.
|b Boulder, Colo. :
|c NetLibrary,
|d 2004.
|n Available via World Wide Web.
|n Access may be limited to NetLibrary affiliated libraries.
|
| 500 |
|
|
|a Electronic resource.
|
| 651 |
|
0 |
|a United States
|x Foreign relations
|y 2001-2009.
|
| 651 |
|
0 |
|a United States
|x Foreign relations
|x Philosophy.
|
| 600 |
1 |
0 |
|a Bush, George W.
|q (George Walker),
|d 1946-
|x Views on international relations.
|
| 650 |
|
0 |
|a Balance of power.
|
| 650 |
|
0 |
|a Unilateral acts (International law)
|
| 650 |
|
0 |
|a War on Terrorism, 2001-2009
|x Diplomatic history.
|
| 650 |
|
0 |
|a September 11 Terrorist Attacks, 2001
|x Influence.
|
| 655 |
|
7 |
|a Electronic books.
|2 local
|
| 700 |
1 |
|
|a Lindsay, James M.,
|d 1959-
|
| 710 |
2 |
|
|a NetLibrary, Inc.
|
| 776 |
1 |
|
|c Original
|z 0815716885
|w (DLC) 2003016767
|w (OCoLC)52773456
|
| 856 |
4 |
0 |
|u http://proxy.library.tamu.edu/login?url=http://www.netLibrary.com/urlapi.asp?action=summary&v=1&bookid=121730
|z Connect to the full text of this electronic book
|t 0
|
| 994 |
|
|
|a 92
|b IIC
|
| 999 |
|
|
|a MARS
|
| 999 |
f |
f |
|s 35aa091d-9286-317d-880d-8bd381d01a46
|i 0f70088e-e9f3-39cf-8101-b2ce61f9dfaf
|t 0
|
| 952 |
f |
f |
|a Texas A&M University
|b College Station
|c Electronic Resources
|d Available Online
|t 0
|e E902 .D23 2003eb
|h Library of Congress classification
|
| 998 |
f |
f |
|a E902 .D23 2003eb
|t 0
|l Available Online
|